000 00340nam a22001097a 4500
082 _a900
100 _aभैरव लाल दास
_981739
245 _aगदर आंदोलन का इतिहास
260 _a नई दिल्‍ली
_bज्ञान गंगा
_c2025
650 _aइतिहास
942 _cHIN
999 _c68868
_d68868